Sociálni podnik a možnosti jeho financování
Vymedzenie základných princípov sociálneho podniku ako i problematiky sociálneho podnikania. Podpora sociálneho podnikania a možnosti financovania sociálnych podnikov v ČR. Príklad fungovania sociálneho podniku v podmienkach ČR.
Gespeichert in:
| 1. Verfasser: | |
|---|---|
| Weitere Verfasser: | |
| Format: | Buchkapitel |
| Sprache: | Tschechisch |
| Schlagworte: | |
| Tags: |
Keine Tags, Fügen Sie das erste Tag hinzu!
|
MARC
| LEADER | 00000nla a2200000 4500 | ||
|---|---|---|---|
| 001 | 0190113 | ||
| 005 | 20220722094158.2 | ||
| 041 | 0 | |a cze | |
| 044 | |a SK | ||
| 245 | 1 | 0 | |a Sociálni podnik a možnosti jeho financování |c Pavlína Hejduková, Michaela Krechovská |
| 520 | |a Vymedzenie základných princípov sociálneho podniku ako i problematiky sociálneho podnikania. Podpora sociálneho podnikania a možnosti financovania sociálnych podnikov v ČR. Príklad fungovania sociálneho podniku v podmienkach ČR. | ||
| 610 | 2 | 0 | |a Česko |
| 610 | 2 | 0 | |a podnikanie sociálne |
| 610 | 2 | 0 | |a stratégia podnikateľská |
| 610 | 2 | 0 | |a podnik sociálny |
| 610 | 2 | 0 | |a financovanie podnikov |
| 610 | 2 | 0 | |a druhy podnikov |
| 100 | 1 | |a Hejduková, Pavlína | |
| 700 | 1 | |a Krechovská, Michaela | |